| LEADER | 01187nam a2200253 a 4500 | ||
|---|---|---|---|
| 001 | GR-MES16552 | ||
| 008 | 140702s2006 gr g 000 0 gre d | ||
| 020 | |a 9789603643197 | ||
| 040 | |a GrPaTEI |b gre |c GR-PaULI | ||
| 040 | |a GrPaTEI |b gre |c GR-PaULI | ||
| 082 | 0 | |a 150 |2 22 | |
| 100 | 1 | |a Bourbeau, Lise | |
| 245 | 1 | 0 | |a Αγάπησε τον ευατό σου : |b ο πιο πλήρης οδηγός για τις πνευματικές και ψυχικές αιτίες των ασθενειών / |c Lise Bourbeau ; Mετάφραση:Κωνσταντίνα Μακρή -Ανυφαντάκη. |
| 250 | |a 3η εκδ. | ||
| 260 | |a Αθήνα : |b Διόπτρα, |c 2006 | ||
| 300 | |a 478 σ. | ||
| 500 | |a Τίτλος πρωτοτύπου: Your body"s telling you:Love yourself | ||
| 650 | 4 | |a Ψυχολογία | |
| 700 | 1 | |a Μακρή-Ανυφαντάκη, Κωνσταντίνα | |
| 710 | 0 | |a Διόπτρα | |
| 942 | |2 ddc | ||
| 952 | |0 0 |1 0 |2 ddc |4 0 |6 150_000000000000000_BOU |7 0 |9 274553 |a MSLG |b MSLG |c EUD |d 2021-01-17 |e 24 |f 1 |g 0.00 |l 0 |o 150 BOU |p 2420000024950 |r 2021-01-17 00:00:00 |t 1 |w 2021-01-17 |y BK15 |x 20140702 0 K.G. 1 |x GrPaTEI | ||
| 971 | |a .b25826013 |b 01-10-20 |c 13-09-16 | ||
| 999 | |c 158893 |d 158893 | ||